Easiest Languages for English Speakers to Learn - Statistics

General Stats
  • This quiz has been taken 3,245 times
  • The average score is 9 of 13
Answer Stats
Category Language % Correct
1 Spanish
98%
1 French
97%
2 German
96%
1 Italian
91%
1 Portuguese
88%
1 Dutch
86%
1 Swedish
83%
1 Norwegian
76%
1 Danish
75%
1 Romanian
58%
1 Afrikaans
39%
3 Indonesian
29%
3 Swahili
17%
No matching quizzes found
Score Distribution
Percent of People with Each Score
Percentile by Number Answered
Your Score History
You have not taken this quiz